Evolúcia v hotelierstve: RoomAssistant
Slovenské start-upy. Dvaja mladí podnikatelia Slovenska, ktorí prišli na trh s originálnym nápadom. Mobilná aplikácia pre hotely, vďaka ktorej môže byť hotel v aktívnom spojení s hosťami počas ich návštevy. Účasť a úspech v známej súťaži.
Guardado en:
| Autor principal: | |
|---|---|
| Formato: | Capítulo de libro |
| Lenguaje: | eslovaco |
| Materias: | |
| Etiquetas: |
Sin Etiquetas, Sea el primero en etiquetar este registro!
|
MARC
| LEADER | 00000naa a2200000 4500 | ||
|---|---|---|---|
| 001 | 0214871 | ||
| 005 | 20230912114935.3 | ||
| 041 | 0 | |a slo | |
| 044 | |a SK | ||
| 245 | 1 | 0 | |a Evolúcia v hotelierstve: RoomAssistant |c Kamila Ševčíková |
| 520 | |a Slovenské start-upy. Dvaja mladí podnikatelia Slovenska, ktorí prišli na trh s originálnym nápadom. Mobilná aplikácia pre hotely, vďaka ktorej môže byť hotel v aktívnom spojení s hosťami počas ich návštevy. Účasť a úspech v známej súťaži. | ||
| 610 | 2 | 0 | |a Slovensko |
| 610 | 2 | 0 | |a podnikatelia |
| 610 | 2 | 0 | |a evolúcia |
| 610 | 2 | 0 | |a start-up |
| 610 | 2 | 0 | |a stratégia podnikateľská |
| 610 | 2 | 0 | |a zámery podnikateľské |
| 610 | 2 | 0 | |a úspech pracovný |
| 610 | 2 | 0 | |a aplikácie mobilné |
| 610 | 2 | 0 | |a hotely |
| 100 | 1 | |a Ševčíková, Kamila | |